| 000 | 00416nam a2200181Ia 4500 | ||
|---|---|---|---|
| 001 | 3159 | ||
| 005 | 20260306144900.0 | ||
| 008 | 260306t2006||||xx |||||||||||||| ||spa|| | ||
| 041 | _aESP | ||
| 082 |
_a261.7 _bK43 |
||
| 100 |
_aKepel, Gilles (dir) _eAUT |
||
| 245 | 0 | _aLas políticas de Dios | |
| 260 | _c2006 | ||
| 300 |
_a316 páginas : _c23 cm. |
||
| 650 | _aGEN | ||
| 654 | _aCHU | ||
| 942 |
_cLIB _dJUS _fJUS _2ddc _n |
||
| 999 |
_c3159 _d3159 |
||